000 00382nam a2200145Ia 4500
008 230917s9999||||xx |||||||||||||| ||und||
040 _e80909
_aMAIN
041 _aEnglish
082 _a342.54 S63P
100 _aShinde, J R
245 0 _aProblems of Indian democracy and national integration
260 _aAurangabad
_bKailash Publications
_c1988
300 _a96 p.
942 _cBK
999 _c58839
_d58839